| 000 | 00540nam a2200169Ia 4500 | ||
|---|---|---|---|
| 003 | GCL | ||
| 008 | 140319s9999 xx 000 0 eng d | ||
| 040 |
_aGCL / _cGCL |
||
| 082 | 0 | 4 |
_a595.709531 _bE A |
| 100 | 1 | _aAHMED ZIAD EL-HAMDI | |
| 245 | 1 | 0 |
_aENTOMOFAUNA OF SAUDI ARABIA : _bGENERAL SURVEY OF INSECTS REPORTED IN TEH KINGDOM OF SAUDI ARABIA / _cAHMED ZIAD EL-HAMDI |
| 260 |
_aالرياض : _bKING SAUD UNIVERSITY ، _c1999 |
||
| 300 |
_a24 CM ؛ _c240 P |
||
| 650 | 0 | 4 | _aINSECTS |
| 650 | 0 | 4 | _aINSECTS - SAUDI ARABIA |
| 942 |
_2ddc _cBK |
||
| 999 |
_c7020 _d7020 |
||